000 01438nam a2200289 a 4500
001 000014117
003 DO-SdBNP
005 20250621074005.0
008 091204s2009 dr 000 0 spa d
040 _aDO-SdBNP
_bspa
_cBNPHU
082 4 _a324.04
_bP273p
_222
110 2 _aPartido de la Liberación Dominicana
_931943
245 1 0 _aPlan estratégico provincial de Santiago 2009-2012 /
_cdirección Ramón Ventura Camejo ; coordinador José Bienvenido Liriano ; colaboradores Marcos Villamán y Omar Fortuna.
246 2 4 _aUn plan para triunfar
300 _a89 p. ;
_c21 cm.
505 0 _gIntroducción --
_tDefinición y principios del PLD --
_tVisión y misión --
_tSupuestos --
_tEjes del Plan Estratégico de la provincia de Santiago --
_tObjetivos --
_tLíneas de acción --
_tForo para el desarrollo provincial de Santiago 2008-2013 --
_tAgenda de desarrollo.
590 _aInventariado, 2018/BT
650 4 _aPartidos políticos
_zSantiago de los Caballeros (República Dominicana)
_931944
650 4 _aPlanificación estratégica
_zSantiago de los Caballeros (República Dominicana)
_931945
651 0 _aRepública Dominicana
_xPolítica y gobierno
_945
700 1 _aVentura Camejo, Ramón,
_edir.
_926937
700 1 _aLiriano, José Bienvenido,
_ecoord.
_931946
700 1 _aVillamán, Marcos,
_ecolab.
_9760
700 1 _aFortuna, Omar,
_ecol.
_931947
910 _aValidado. Control de calidad. EMS
942 _2ddc
_cLBS1
999 _c13719
_d13719